000 02129cam a22004454i 4500
003 PE-LiUPU
005 20250731172716.0
008 150617s r 000 0 d
035 _a(Sirsi) a10769
040 _aPE-LiUPU
_bspa
_cPE-LiUPU
_erda
049 _aPRUA
082 0 4 _a231
_bM425t
_223
100 1 _aMatellan, Serafín,
_eautor.
245 1 0 _aTeologia cristiana: sintesis para seglares
_n3:
_bEl misterio de la existencia cristiana /
_cSerafín Matellan.
264 1 _aBilbao :
_bDeslée de Brouwer,
_c1968.
300 _a230 páginas ;
_c21 centímetros.
336 _atext
_2rdacontent
337 _aunmediated
_2rdamedia
338 _avolume
_2rdacarrier
490 0 _a(Colección: Veritas et justitia ;
_v24)
505 0 _aSi todo muere, nada vale la pena -- Situación del hombre sin el auxilio de Dios -- Signos de la voluntad divina de salvar al hombre -- Universalidad de la voluntad salvífica de Dios -- Descripción bíblica de la iniciativa divina en la salvación del hombre -- La libertad del hombre en la salvación -- El tráncito en la existencia nueva -- La nueva creación en Cristo Jesús -- Vivientes en Cristo -- Hijos del padre en Cristo -- La vida con Cristo en Dios -- El don del Espíritu Santo de Dios -- Participantes de la divina naturaleza -- Hijos de la luz -- Carácter comunitario de la existencia cristiana -- Sintesis y definición -- Actividad especificamente humana deificada -- Ver según Dios en cristo: Fe sobrenatural -- Amar según Dios en Cristo: caridad cristiana.
526 _aSEG42
526 _aSEG41
526 _aSEG40
526 _aSEG39
526 _aP94
526 _aP87
526 _aP86
526 _aP85
526 _aP77
526 _aP76
526 _aP35
610 1 4 _aIglesia Católica
_9950
_vObras de controversia.
650 0 4 _aIglesia Católica
_xObras de controversia.
910 _ajck
942 _2ddc
_cBK
949 _a231 M41
_wDEWEY
_c1
_i11161
_lCCODEBUL1
_mBUL
_p00.00
_r0
_sY
_tBOOK
_u2015-04-21
_xTEOLOGIA
_0COMPRA
_o.STAFF. Colección General
999 _c849
_d849
980 _81
_gALBERTO SANCHEZ Responsable de Automatización